LEADER 05501nam 22006854a 450 001 9910143557603321 005 20170815121636.0 010 $a1-280-23882-8 010 $a9786610238828 010 $a0-470-30064-7 010 $a0-470-87050-8 010 $a0-470-87049-4 035 $a(CKB)1000000000356001 035 $a(EBL)239028 035 $a(OCoLC)85820916 035 $a(SSID)ssj0000155976 035 $a(PQKBManifestationID)11152899 035 $a(PQKBTitleCode)TC0000155976 035 $a(PQKBWorkID)10114976 035 $a(PQKB)11035729 035 $a(MiAaPQ)EBC239028 035 $a(PPN)191479004 035 $a(EXLCZ)991000000000356001 100 $a20050204d2005 uy 0 101 0 $aeng 135 $aur|n|---||||| 181 $ctxt 182 $cc 183 $acr 200 00$aFlexible flat panel displays$b[electronic resource] /$fedited by Gregory P. Crawford 210 $aChichester, West Sussex, England ;$aHoboken, NJ $cJohn Wiley & Sons$dc2005 215 $a1 online resource (558 p.) 225 1 $aWiley SID series in display technology 300 $aDescription based upon print version of record. 311 $a0-470-87048-6 320 $aIncludes bibliographical references and index. 327 $aFlexible Flat Panel Displays; Contents; List of Contributors; Foreword; Series Editor's Foreword; Preface; 1 Flexible Flat Panel Display Technology; 1.1 Introduction; 1.2 Manufacturing; 1.3 Enabling Technologies; 1.3.1 Flexible substrates; 1.3.2 Barrier layers; 1.3.3 Inorganic conducting layers and mechanical properties; 1.3.4 Organic conducting layers and mechanical properties; 1.3.5 Optical coatings; 1.3.6 Thin film transistors; 1.3.7 Electro-optic materials; 1.3.8 Flexible display prototypes; 1.3.9 Markets; 1.4 Conclusions; References; 2 Engineered Films for Display Technologies 327 $a2.1 Introduction2.2 Polymer Substrates; 2.3 Properties; 2.3.1 Optical properties; 2.3.2 Birefringence; 2.3.3 Thermal properties; 2.3.4 Moisture and solvent resistance; 2.3.5 Surface treatment; 2.3.6 Barrier; 2.3.7 Mechanical properties of the composite structure; 2.4 Polyester Films in Application; 2.4.1 Novel low-temperature processes for building silicon-based TFTs; 2.4.2 Adapting existing silicon processes to reasonably low temperature; 2.4.3 Organic-based TFTs with processing temperatures below 200 oC; 2.4.4 Use of Teonex in flexible displays; 2.5 Concluding Remarks; Acknowledgements 327 $aReferences3 Flexible Glass Substrates; 3.1 Introduction; 3.2 Display Glass Properties; 3.2.1 Overview of display glass types; 3.2.2 Glass properties; 3.3 Manufacturing of Thin ""Flexible"" Glass; 3.3.1 Float and downdraw technology for special glass; 3.3.2 Limits; 3.4 Mechanical Properties; 3.4.1 Thin glass and glass/plastic substrates; 3.4.2 Mechanical test methods for flexible glasses; 3.5 Improvement in Mechanical Properties of Glass; 3.5.1 Reinforcement of glass substrates; 3.6 Processing of Flexible Glass; 3.6.1 Cleaning; 3.6.2 Separation 327 $a3.7 Current Thin Glass Substrate Applications and Trends3.7.1 Displays; 3.7.2 Touch panels; 3.7.3 Sensors; 3.7.4 Wafer-level chip size packaging; References; 4 Barrier Layer Technology for Flexible Displays; 4.1 Introduction; 4.2 Development of Thin Film Vapor Barrier Systems; 4.2.1 Organic electronics: packaging needs; 4.2.2 Single-layer gas barrier films on polymeric substrates; 4.2.3 Multilayer gas barrier films for OLEDs; 4.3 Measurement Techniques; 4.3.1 Steady-state transmission tests; 4.3.2 The calcium test; 4.3.3 Defect characterization; 4.4 Theories of Vapor Barrier Permeation 327 $a4.5 Deconvolution of Experimental Data4.5.1 Transient and steady-state permeation models; 4.5.2 Methods to determine in situ properties; 4.5.3 Implications for multilayer barrier systems; 4.6 Discussion; 4.7 Conclusions; Acknowledgements; References; 5 Transparent Conducting Oxide Materials and Technology; 5.1 Introduction; 5.2 Materials Selection and Characterization; 5.2.1 Transparent conducting materials classes: why oxides?; 5.2.2 Transparent conducting oxides: general considerations; 5.3 Indium-Based Binary Oxides; 5.3.1 Background; 5.3.2 Crystalline indium tin oxide 327 $a5.3.3 Amorphous indium tin oxide 330 $a Flexible displays are currently one of the most researched topics within the flat panel display community. They promise to change our display-centric world by replacing bulky rigid devices with those that are paper-thin and can be rolled away or folded up when not in use.The field of flexible flat panel displays is truly unique in the sense that it is interdisciplinary to the display community, combining basic principles from nearly all engineering and science disciplines.Organized to bring the reader from the component level, through display system and assembly, to 410 0$aWiley SID series in display technology. 606 $aInformation display systems 606 $aLiquid crystal displays 606 $aElectroluminescent display systems 615 0$aInformation display systems. 615 0$aLiquid crystal displays. 615 0$aElectroluminescent display systems. 676 $a621.3815/422 676 $a621.3815422 701 $aCrawford$b Gregory Philip$0896561 801 0$bMiAaPQ 801 1$bMiAaPQ 801 2$bMiAaPQ 906 $aBOOK 912 $a9910143557603321 996 $aFlexible flat panel displays$92003113 997 $aUNINA LEADER 04940nam 22007452 450 001 9910787619003321 005 20160418161859.0 010 $a1-107-27236-X 010 $a1-139-89054-9 010 $a1-107-27177-0 010 $a1-107-27712-4 010 $a1-107-27835-X 010 $a1-107-27386-2 010 $a1-107-27509-1 010 $a0-511-89476-7 035 $a(CKB)2670000000497608 035 $a(EBL)1303614 035 $a(SSID)ssj0001062917 035 $a(PQKBManifestationID)12415153 035 $a(PQKBTitleCode)TC0001062917 035 $a(PQKBWorkID)11016526 035 $a(PQKB)11612302 035 $a(UkCbUP)CR9780511894763 035 $a(Au-PeEL)EBL1303614 035 $a(CaPaEBR)ebr10826608 035 $a(CaONFJC)MIL568841 035 $a(OCoLC)867630748 035 $a(MiAaPQ)EBC1303614 035 $a(EXLCZ)992670000000497608 100 $a20101117d2014|||| uy| 0 101 0 $aeng 135 $aur||||||||||| 181 $ctxt$2rdacontent 182 $cc$2rdamedia 183 $acr$2rdacarrier 200 00$aHong Kong's Court of Final Appeal $ethe development of the law in China's Hong Kong /$fedited by Simon N.M. Young and Yash Ghai$b[electronic resource] 210 1$aCambridge :$cCambridge University Press,$d2014. 215 $a1 online resource (lv, 681 pages) $cdigital, PDF file(s) 300 $aTitle from publisher's bibliographic system (viewed on 05 Oct 2015). 311 $a1-107-01121-3 327 $aThemes and arguments / Yash Ghai -- Part I. Final Appeals : Setting the Context -- Autonomy and the Court of Final Appeal : the constitutional framework / Yash Ghai -- Two interpreters of the basic law : the Court of Final Appeal and the Standing Committee of the National People's Congress / Xiaonan Yang -- A worthy predecessor? The Privy Council on Appeal from Hong Kong, 1853-1997 / Oliver Jones -- Part II. The Hong Kong Court of Final Appeal -- Genesis of Hong Kong's Court of Final Appeal / Simon N. M. Young, Antonio Da Roza and Yash Ghai -- Final Appeals then and now / Simon N. M. Young and Antonio Da Roza -- Jurisdiction and procedure / Antonio Da Roza -- A practitioner's perspective / Michael Thomas -- A human rights lawyer's perspective / Mark Daly -- Part III. Judges and Judging -- Role of the Chief Justice / Simon N. M. Young, Antonio Da Roza and Yash Ghai -- The judges / Simon N. M. Young and Antonio Da Roza -- Concurring and dissenting in the Hong Kong Court of Final Appeal / Jill Cottrell and Yash Ghai -- Part IV. Jurisprudence of the Court -- The common law Sir / Anthony Mason. 327 $aBasic law jurisprudence of the Court of Final Appeal / Albert H. Y. Chen and P. Y. Lo -- Human rights / Simon N. M. Young -- Administrative law / Johannes Chan -- Criminal law / Simon N. M. Young -- Commercial law / William Waung -- Land law / Malcolm Merry -- Tort law / Rick Glofcheski -- Civil procedure / Gary Meggitt -- Part V. Perspectives from Beyond Hong Kong -- Impact of jurisprudence beyond Hong Kong / P. Y. Lo -- Macau's Court of Final Appeal / Jorge Godinho and Paulo Cardinal -- Foreign judges: a European perspective / Josef Marko. 330 $aIn the years since it was established on 1 July 1997, Hong Kong's Court of Final Appeal has developed a distinctive body of new law and doctrine with the help of eminent foreign common law judges. Under the leadership of Chief Justice Andrew Li, it has also remained independent under Chinese sovereignty and become a model for other Asian final courts working to maintain the rule of law, judicial independence and professionalism in challenging political environments. In this book, leading practitioners, jurists and academics examine the Court's history, operation and jurisprudence, and provide a comparative analysis with European courts and China's other autonomous final court in Macau. It also makes use of extensive empirical data compiled from the jurisprudence to illuminate the Court's decision-making processes and identify the relative impacts of the foreign and local judges. 606 $aAppellate procedure$zChina$zHong Kong 606 $aJudicial process$zChina$zHong Kong 606 $aCourts of last resort$zChina$zHong Kong$xHistory 606 $aCourts$zChina$zHong Kong$xHistory 606 $aLaw$zChina$zHong Kong$xHistory 606 $aCourts of last resort$zChina$zMacau (Special Administrative Region) 615 0$aAppellate procedure 615 0$aJudicial process 615 0$aCourts of last resort$xHistory. 615 0$aCourts$xHistory. 615 0$aLaw$xHistory. 615 0$aCourts of last resort 676 $a347.5125/035 686 $aLAW018000$2bisacsh 702 $aYoung$b Simon N. M. 702 $aGhai$b Yash P.$f1938- 801 0$bUkCbUP 801 1$bUkCbUP 906 $aBOOK 912 $a9910787619003321 996 $aHong Kong's Court of Final Appeal$93703084 997 $aUNINA LEADER 01910nas 2200589-a 450 001 996208191503316 005 20230522213016.0 011 $a1536-0768 035 $a(DE-599)ZDB2117198-1 035 $a(OCoLC)38868279 035 $a(CKB)110978977741789 035 $a(CONSER)--2001213414 035 $a(EXLCZ)99110978977741789 100 $a19980330a19809999 --- a 101 0 $aeng 135 $aurmnu|||||||| 181 $ctxt$2rdacontent 182 $cc$2rdamedia 183 $acr$2rdacarrier 200 10$aNew directions for teaching and learning 210 $a[San Francisco, C.A.] $c[Jossey-Bass Publishers] $cJohn Wiley & Sons 215 $a1 online resource 225 1 $a<2005->: Jossey-Bass higher and adult education series 300 $aRefereed/Peer-reviewed 300 $aEach issue has also a distinctive title. 300 $aPublished: [San Francisco, C.A.] : Wiley Periodicals, Inc., <2005-> 311 $a0271-0633 410 0$aJossey-Bass higher and adult education series. 531 $aNEW DIRECTIONS FOR TEACHING & LEARNING 606 $aTeaching$vPeriodicals 606 $aCollege teaching$vPeriodicals 606 $aEnseignement universitaire$vCollections 606 $aPédagogie$vCollections 606 $aApprentissage$vCollections 606 $aCollege teaching$2fast$3(OCoLC)fst00868201 606 $aTeaching$2fast$3(OCoLC)fst01144565 608 $aComputer network resources. 608 $aPeriodicals.$2fast 608 $aPeriodicals.$2lcgft 615 0$aTeaching 615 0$aCollege teaching 615 6$aEnseignement universitaire 615 6$aPédagogie 615 6$aApprentissage 615 7$aCollege teaching. 615 7$aTeaching. 676 $a378.1 676 $a378.12 906 $aJOURNAL 912 $a996208191503316 996 $aNew directions for teaching and learning$91938654 997 $aUNISA